[Event "IECC TH-T email"]
[Site "IECC email"]
[Date "2000.08.23"]
[Round "?"]
[White "Cherner, Lyle"]
[Black "Arruda, Manuel J"]
[Result "0-1"]
[WhiteElo "1355"]
[BlackElo "1431"]
[PlyCount "48"]
[EventDate "2000.??.??"]
[EventType "match (corr)"]
[EventRounds "2"]
[SourceTitle "Corr 2008"]
[Source "ChessBase"]
[SourceDate "2008.06.24"]
[SourceVersion "1"]
[SourceVersionDate "2008.06.24"]
[SourceQuality "1"]

1. e4 c6 2. d4 d5 3. exd5 cxd5 4. Bd3 Nc6 5. Nf3 Nf6 6. c3 Bg4 7. h3 Bh5 8. 0-0 e6 9. Qb3 Qc8 10. Ne5 Be7 11. Nxc6 bxc6 12. Bf4 0-0 13. Nd2 c5 14. dxc5 Bxc5 15. Rae1 Qc6 16. Bb5 Qb6 17. Be5 Rfc8 18. Bxf6 gxf6 19. Qa4 Rab8 20. c4 a6 21. Bd7 Qxb2 22. Bxc8 Qxd2 23. Qe8+ Kg7 24. Kh1 Bxf2 0-1

[Event "IECC M email"]
[Site "IECC email"]
[Date "2000.06.18"]
[Round "?"]
[White "Agnew, George Hartwell"]
[Black "Arruda, Manuel J"]
[Result "0-1"]
[WhiteElo "1355"]
[BlackElo "1390"]
[PlyCount "45"]
[EventDate "2000.??.??"]
[EventType "tourn (corr)"]
[EventRounds "2"]
[SourceTitle "Corr 2008"]
[Source "ChessBase"]
[SourceDate "2008.06.24"]
[SourceVersion "1"]
[SourceVersionDate "2008.06.24"]
[SourceQuality "1"]

1. d4 Nf6 2. c4 e5 3. dxe5 Ng4 4. Bf4 Nc6 5. Nf3 Bb4+ 6. Nbd2 Qe7 7. e3 Ngxe5 8. Be2 d6 9. 0-0 0-0 10. b3 b6 11. Bxe5 dxe5 12. Qc2 Rd8 13. Rfd1 f5 14. e4 Nd4 15. Nxd4 exd4 16. Bf3 d3 17. Qb2 Bb7 18. exf5 Bxf3 19. Nxf3 Qe2 20. Qxe2 dxe2 21. Rxd8+ Rxd8 22. a3 Rd1+ 23. Rxd1 0-1